000 01293cam a2200277 a 4500
001 000015441
005 20200929164037.0
008 760510k19731681sp 000 0 spa
020 _a8472322041 :
040 _aDO-SdBNP
_cspa
_dBNPHU
082 _a348.46022
_bE74r
110 1 _aEspaña.
_94524
240 1 0 _a[Leyes, etc.]
245 1 0 _aRecopilación de leyes de los reynos de las Indias /
_cprólogo por Ramón Menéndez y Pidal ; estudio preliminar de Juan Manzano Manzano.
246 1 4 _aRecopilación de leyes de los reynos de las Indias; mandadas imprimir, y pvblicar por la magestad catolica del rey Don Carlos II.nvestro señor. va dividida en Qvatro tomos, con el ídice general, y al principio de cada tomo el índice efpecial de los títulos, que contiene
260 _aMadrid :
_bCultura Hispanica,
_c1973.
300 _a4v. ;
_c31 cm.
500 _aIncluye notas al pie de las páginas
500 _aLa biblioteca posee el v.1
500 _aReimpresión de la edición de 1681, publicado por Julián de Paredes, Madrid.
650 4 _aLegislación
_zEspaña
_xColonias
_934859
700 1 2 _aManzano Manzano, Juan.
_934860
700 1 2 _aMenédez y Pidal, Ramón
_epról.
_934861
710 2 _aConsejo de Indias (España)
_934862
910 _aValidado. Control de calidad MFF
999 _c14998
_d14998